000 01821nam a2200373Ia 4500
001 ebr10380614
003 CaPaEBR
006 m u
007 cr cn|||||||||
008 090407s2008 ne a sb 101 0 eng d
020 _z9789042024328 (Rodopi)
020 _z9780854572182 (University of London)
040 _aCaPaEBR
_cCaPaEBR
035 _a(OCoLC)288934773
041 0 _aeng
_ager
050 1 4 _aPT2603.R397
_bV47 2008eb
245 0 0 _a"Verwisch die Spuren!"
_h[electronic resource] :
_bBertolt Brecht's work and legacy : a reassessment /
_cedited by Robert Gillett and Godela Weiss-Sussex.
260 _aAmsterdam :
_bRodopi,
_c2008.
300 _a359 p. :
_bill.
490 0 _aAmsterdamer Beitra ge zur neueren Germanistik ;
_v66
490 1 _aPublications of the Institute of Germanic Studies (Institute of Germanic & Romance Studies, School of Advanced Study, University of London) ;
_vv. 92
500 _aPapers from a conference held at the University of London Institute of Germanic & Romance Studies in February 2006.
504 _aIncludes bibliographical references and index.
533 _aElectronic reproduction.
_bPalo Alto, Calif. :
_cebrary,
_d2011.
_nAvailable via World Wide Web.
_nAccess may be limited to ebrary affiliated libraries.
546 _aContributions in English and German.
600 1 0 _aBrecht, Bertolt,
_d1898-1956
_xCriticism and interpretation
_vCongresses.
650 0 _aGerman literature
_y20th century.
655 7 _aElectronic books.
_2local
700 1 _aGillett, Robert,
_d1960-
700 1 _aWeiss-Sussex, Godela.
710 2 _aebrary, Inc.
830 0 _aPublications of the Institute of Germanic Studies ;
_vv. 92.
856 4 0 _uhttp://site.ebrary.com/lib/rucke/Doc?id=10380614
_zAn electronic book accessible through the World Wide Web; click to view
999 _c102631
_d102631